| 000 | 00441nam a22001697a 4500 | ||
|---|---|---|---|
| 005 | 20240308154354.0 | ||
| 008 | 230607b |||||||| |||| 00| 0 eng d | ||
| 020 | _a9781484233146 | ||
| 082 |
_a005.6 _bSHV-D |
||
| 100 | _aShvets,Alexander | ||
| 245 | _aDesign Patterns / | ||
| 260 |
_c2019. _aIndia; _bElsvier; |
||
| 300 |
_axx, 408 p, : _bill, _c23 cm. |
||
| 500 | _aInclude index. | ||
| 650 | _acomputer science/programming | ||
| 999 |
_c18635 _d18635 |
||